| 000 | 00726namaa2200217 i 4500 | ||
|---|---|---|---|
| 001 | 148760 | ||
| 003 | ES-MaACL | ||
| 005 | 20260129170032.0 | ||
| 007 | t| | ||
| 008 | 070214s1950 sp 00110 spa d | ||
| 100 | 1 |
_aSuárez, Federico. _9108558 |
|
| 245 | 1 | 3 |
_aLa crisis política del Antiguo Régimen en España / _cFederico Suárez. |
| 260 |
_aMadrid : _bRialp, _c1950 ( _fJuan Pueyo) |
||
| 300 |
_a212 p. ; _c19 cm. |
||
| 490 | 1 |
_aBiblioteca del pensamiento actual ; _v5 |
|
| 651 | 7 |
_aEspaña- _xHistoria- _yS.XIX _2 _9142005 |
|
| 651 | 7 |
_aEspaña- _xPolítica y gobierno- _yS.XIX _2 _9161744 |
|
| 830 | 1 |
_aBiblioteca del pensamiento actual _v5 _9181187 |
|
| 852 |
_aES-MaACL _jD-6186 |
||
| 999 |
_c148760 _d148760 |
||